Psychopathology : (Record no. 5466)
[ view plain ]
| 000 -LEADER | |
|---|---|
| fixed length control field | 01718cam a2200373 i 4500 |
| 001 - CONTROL NUMBER | |
| control field | 22354951 |
| 003 - CONTROL NUMBER IDENTIFIER | |
| control field | OSt |
| 005 - DATE AND TIME OF LATEST TRANSACTION | |
| control field | 20260123095117.0 |
| 008 - FIXED-LENGTH DATA ELEMENTS--GENERAL INFORMATION | |
| fixed length control field | 211217s2023 maua b 001 0 eng |
| 010 ## - LIBRARY OF CONGRESS CONTROL NUMBER | |
| LC control number | 2021952949 |
| 020 ## - INTERNATIONAL STANDARD BOOK NUMBER | |
| International Standard Book Number | 9780357657843 |
| Qualifying information | (paperback) |
| 035 ## - SYSTEM CONTROL NUMBER | |
| System control number | 22354951 |
| 040 ## - CATALOGING SOURCE | |
| Language of cataloging | eng |
| Transcribing agency | Foundation University |
| Description conventions | rda |
| 042 ## - AUTHENTICATION CODE | |
| Authentication code | pcc |
| 050 00 - LIBRARY OF CONGRESS CALL NUMBER | |
| Classification number | RC 454 |
| Item number | .2023 B37 |
| 100 1# - MAIN ENTRY--PERSONAL NAME | |
| Personal name | Barlow, David H., |
| Relator term | author. |
| 9 (RLIN) | 14329 |
| 240 10 - UNIFORM TITLE | |
| Uniform title | Abnormal psychology |
| 245 10 - TITLE STATEMENT | |
| Title | Psychopathology : |
| Remainder of title | an integrative approach to mental disorders / |
| Statement of responsibility, etc. | David H. Barlow (Boston University), V. Mark Durand (University of South Florida-St. Petersburg), Stefan G. Hofmann (Philipps University of Marburg, Germany, and Boston University). |
| 250 ## - EDITION STATEMENT | |
| Edition statement | Ninth edition. |
| 264 #1 - PRODUCTION, PUBLICATION, DISTRIBUTION, MANUFACTURE, AND COPYRIGHT NOTICE | |
| Place of production, publication, distribution, manufacture | Boston, MA : |
| Name of producer, publisher, distributor, manufacturer | Cengage, |
| Date of production, publication, distribution, manufacture, copy right date | [2023] |
| Copyright Date | 2023. |
| 300 ## - PHYSICAL DESCRIPTION | |
| Extent | 1 volume (various pagings) : |
| Other physical details | color illustrations ; |
| Dimensions | 28 cm |
| Materials specified | resource |
| Type of unit | volume |
| 336 ## - CONTENT TYPE | |
| Content type term | text |
| Content type code | txt |
| Source | rdacontent |
| 337 ## - MEDIA TYPE | |
| Media type term | unmediated |
| Media type code | n |
| Source | rdamedia |
| 338 ## - CARRIER TYPE | |
| Carrier type term | volume |
| Carrier type code | nc |
| Source | rdacarrier |
| Materials specified | resource |
| 500 ## - GENERAL NOTE | |
| General note | Revised edition of: Abnormal psychology / David H. Barlow, V. Mark Durand, Stefan G. Hofmann. Eighth edition. [2018]. |
| 504 ## - BIBLIOGRAPHY, ETC. NOTE | |
| Bibliography, etc. note | Includes bibliographical references and index. |
| 650 #0 - SUBJECT ADDED ENTRY--TOPICAL TERM | |
| Topical term or geographic name entry element | Psychology, Pathological |
| Form subdivision | Textbooks. |
| 9 (RLIN) | 14330 |
| 650 #0 - SUBJECT ADDED ENTRY--TOPICAL TERM | |
| Topical term or geographic name entry element | Mental illness |
| Form subdivision | Textbooks. |
| 9 (RLIN) | 14331 |
| 658 ## - INDEX TERM--CURRICULUM OBJECTIVE | |
| Main curriculum objective | Psychology, Bachelor of Science in. |
| 700 1# - ADDED ENTRY--PERSONAL NAME | |
| Personal name | Durand, Vincent Mark, |
| Relator term | author. |
| 9 (RLIN) | 14332 |
| 700 1# - ADDED ENTRY--PERSONAL NAME | |
| Personal name | Hofmann, Stefan G., |
| Relator term | author. |
| 9 (RLIN) | 14333 |
| 856 ## - ELECTRONIC LOCATION AND ACCESS | |
| Uniform Resource Identifier | <a href="https://drive.google.com/file/d/1m4nnyOgn4Rz3ZT4vQf7JdNFncceMwAXQ/view?usp=sharing">https://drive.google.com/file/d/1m4nnyOgn4Rz3ZT4vQf7JdNFncceMwAXQ/view?usp=sharing</a> |
| Link text | Click here to view the table of content |
| 942 ## - ADDED ENTRY ELEMENTS (KOHA) | |
| Source of classification or shelving scheme | Library of Congress Classification |
| Koha item type | Books |
| Edition | Ninth edition. |
| Classification part | RC 454 |
| Item part | .2023 B37 |
| Call number prefix | (CAS-Psy.) |
| Uniform Resource Identifier | Withdrawn status | Lost status | Source of classification or shelving scheme | Damaged status | Not for loan | Collection code | Home library | Current library | Shelving location | Date acquired | Source of acquisition | Total Checkouts | Full call number | Barcode | Date last seen | Price effective from | Koha item type | Accession Number |
|---|---|---|---|---|---|---|---|---|---|---|---|---|---|---|---|---|---|---|
| https://drive.google.com/file/d/1m4nnyOgn4Rz3ZT4vQf7JdNFncceMwAXQ/view?usp=sharing | Library of Congress Classification | Non-fiction | Foundation University Library | Foundation University Library | CoArts & Sciences | 01/23/2026 | QT | (CAS-Psy.) RC 454 .2023 B37 | 0072026017013 | 01/23/2026 | 01/23/2026 | Books | CAS-Psy.-2026013 |
